000 00271nam a22001217a 4500
008 171102b xxu||||| |||| 00| 0 eng d
041 _aeng
080 _a530.14
100 _a59
101 _aKAP
245 _aMONEY CAPITAL & FLUCTUATIONS
_cHAYEK, F.A
942 _2udc
_cBK
999 _c37193
_d37193